• 首页
  • 本馆介绍
  • 公告通知
  • 最新文献
  • 馆藏检索
  • 电子资源
  • 读者导购
  • 参考咨询
  • 我的图书馆
  • 登录
  • 详细信息显示
  • 放入我的书架
  • 预约/预借图书
  • 作者相关作品
  • 分类相关作品
  • 丛书相关作品
  • 出版社相关作品

书目信息

  • 表格格式
  • 工作单格式
  • 卡片格式
题名:
金相实验技术
    
 
作者: 任怀亮 主编
分册:  
出版信息: 北京   冶金工业出版社  1986
页数:
开本: 28cm
丛书名:
单 册:
中图分类: P61
科图分类:
主题词: 采矿地质学 , 矿床
电子资源:
ISBN:
000 00518nam0 2200193 450
001 0736196517
005 20070924100316.51
010    @d¥2.55
100    @a20070924d km y0chiy0120 ea
101 0  @achi
200 1  @a金相实验技术@Ajin xiang shi yan ji shu@f任怀亮主编@Fren huai liang zhu bian
210    @a北京@c冶金工业出版社@d1986
215    @d28cm
606 0  @a采矿地质学
606 0  @a矿床
690    @aP61@v3
701  0 @a任怀亮@Aren huai liang@4主编
801  0 @aCN@bPFT@c20070924
905    @a213230@dP61@eZY26@f1
    
    金相实验技术/任怀亮主编.-北京:冶金工业出版社,1986
    28cm
    
    
    ISBN :¥2.55
    
●
相关链接 在E读中查询图书 在五车中查询图书 在当当中查询图书 在豆瓣中查询图书


正题名:金相实验技术     索取号:P61/ZY26         预约/预借

序号 登录号 条形码 馆藏地/架位号 状态 备注
1 7901127   279011276   密集书库-资源管理系/ [索取号:P61/ZY26] 在馆    
唐山师范学院图书馆 欢迎您!
大连网信软件有限公司© 版权所有